| 000 | 01155 a2200265 4500 | ||
|---|---|---|---|
| 999 |
_c10712 _d10712 |
||
| 022 | _I 0309-166X | ||
| 050 | _aHB1 CAM 2017 | ||
| 110 | _aCambridge Political Economy Society. | ||
| 245 | _aCambridge journal of economics. | ||
| 264 |
_aLondon, New York : _bpublished for the Cambridge Political Economy Society by Academic Press. |
||
| 300 |
_avolumes _billustrations 25 cm |
||
| 440 | _aCambridge journal of economics | ||
| 500 | _aVolume 41 Number 5 August 2017 : Cambridge Social Ontology: Classification, Development and Deployment Volume 41 Number 6 November 2017 Current frequency: Bimonthly, 1994- Former frequency: Quarterly, 1977-1993 Publication history: v. 1- Mar. 1977- Abbreviated title: Camb. j. econ. | ||
| 650 |
_aEconomics _xPeriodicals. |
||
| 650 |
_aEconomic history--1971-1990 _xPeriodicals. |
||
| 650 |
_a Economic history--1990 _xPeriodicals. |
||
| 650 | _aSince 1971 | ||
| 650 | _aEconomic history. | ||
| 650 | _aEconomics. | ||
| 650 | _aEconomics; Serials; | ||
| 650 | _aPeriodicals. | ||
| 650 | _aPeriodicals. | ||
| 700 | _aCambridge Political Economy Society. | ||
| 942 |
_2lcc _cSERIALS _h1 _iCAM _kHB |
||